Préfectures et sous-préfectures de Bourgogne-Franche-Comté - Statistiques

Statistiques générales
  • Ce quiz a été pris 158 fois
  • Le résultat moyen est 16 sur 24
Statistiques - réponses
Département (Sous)Préfecture % Correct
Yonne Auxerre
99%
Côte-d'Or Dijon
99%
Doubs Besançon
95%
Territoire de Belfort Belfort
93%
Saône-et-Loire Mâcon
93%
Nièvre Nevers
93%
Jura Lons-le-Saunier
92%
Haute-Saône Vesoul
91%
Côte-d'Or Beaune
84%
Jura Dole
79%
Saône-et-Loire Chalon-sur-Saône
76%
Doubs Montbéliard
74%
Yonne Sens
67%
Doubs Pontarlier
64%
Saône-et-Loire Autun
61%
Jura Saint-Claude
51%
Haute-Saône Lure
49%
Côte-d'Or Montbard
47%
Yonne Avallon
43%
Nièvre Château-Chinon
38%
Saône-et-Loire Charolles
37%
Nièvre Clamecy
36%
Saône-et-Loire Louhans
34%
Nièvre Cosne-Cours-sur-Loire
33%
Aucun quiz correspondant
Distribution des résultats
% des personnes avec chaque résultat
Percentile par nombre de réponses
Votre historique - résultats
Vous n’avez pas pris ce quiz